000 00296 a2200145 4500
001 155018
040 _cEscola São Tomás de Aquino
100 _aHARVEY, Paul
240 1 0 _aSurfer !
_lpor
245 1 0 _aSurfer !
300 _a28
362 0 _a2008
697 _aLíngua inglesa
942 _cBK
999 _c155018
_d155018